banner-ar

السيكودراما = (Record no. 65493)

MARC details
000 -الفاتح
حقل البيانات ثابتة الطول 00987nam a22002537a 4500
005 - وقت وتاريخ اخر تعامل مع التسجيلة
رقم الضبط 20240530110827.0
008 - عناصر البيانات ثابتة الطول - معلومات عامة
حقل البيانات ثابتة الطول 190807s2019 ua f b 000 0 ara d
017 ## - رقم الايداع القانونى
رقم الايداع القانونى 2018/16731
المصدر ( الهيئة المختصة) مصر. دار الكتب
020 ## - الرقم الدولى المعيارى للكتب
الرقم الدولى المعيارى للكتاب 9789770532263
040 ## - مصدر الفهرسة
وكالة الفهرسة الأصلية EG-CaGPL
وكالة النسخ EG-CaGPL
082 04 - رقم تصنيف ديوى العشرى
رقم الطبعة 21
رقم التصنيف 615.85156/
رقم المادة م س
100 1# - المدخل الرئيسى - إسم شخصى
الإسم الشخصى مورينو، جاكوب ليفى
245 12 - بيان العنوان
العنوان السيكودراما =
بقية العنوان Psychodrama /
بيان المسئوليه,etc جاكوب ليفى مورينو ؛ ترجمة وتقديم محمد احمد محمود خطاب
250 11 - بيان الطبعة
بيان الطبعة Psychodrama
260 ## - PUBLICATION, DISTRIBUTION, ETC. (IMPRINT)
تاريخ النشر أو التوزيع 2019.
300 ## - الوصف المادى
التعداد 171 ص. ؛
أبعاد الوعاء 24 سم.
504 ## - تبصرة ببليوجرافية
تبصرة ببليوجرافية,الخ يشتمل على ارجاعات ببليوجرافية
650 07 - المدخل الاضافى بالموضوع-مصطلح موضوعى
مصدر الرأس أو المصطلح qrmak
مصطلح موضوعي العلاج بالفن
651 ## - المدخل الاضافى بالموضوع - اسم جغرافى
مصدر الرأس أو المصطلح qrmak
653 #0 - مصطلح تكشيفى غير مقيد
مصطلح غير مقيد السيكودراما
700 0# - المدخل الاضافى - اسم شخصى
الإسم الشخصى محمد احمد محمود خطاب
الدور مترجم ومقدم
942 ## - عناصر المدخل الإضافي( كوها)
مصدر التصنيف او مخطط الترفيف Dewey Decimal Classification
Koha [default] item type كتاب
260 ## - PUBLICATION, DISTRIBUTION, ETC. (IMPRINT)
-- القاهرة :
-- مكتبة الانجلو المصرية ،
Holdings
حالة التراجع حالة الفقد حالة تلف ليس للاعارة المكان المؤقت الموقع الحالى موقع الترفيف تاريخ الاكتساب اجمالي اﻻعارات رقم الطلب الباركود تاريخ اخر مشاهدة تاريخ تفعيل السعر نوع وعاء كوها
        مكتبة القاهرة الكبرى مكتبة القاهرة الكبرى   08/07/2019   615.85156/ م س 166384 08/07/2019 08/07/2019 كتاب

Powered By

EGPV